Profiting from the bank and savings and loan crisis how anyone can find bargains at A,erica's greatest garage sale

Salvato in:
Dettagli Bibliografici
Autore principale: Pizzo, Stephen
Altri autori: Muolo, Paul
Natura: Libro
Lingua:inglese
Pubblicazione: New York Harper Business 1993
Soggetti:
Tags: Aggiungi Tag
Nessun Tag, puoi essere il primo ad aggiungerne!!

MARC

LEADER 00000nam a2200000 4500
001 c101253
005 20221123112657.4
020 |a 0-88730-596-2 
041 0 |a eng 
044 |a US 
245 1 0 |a Profiting from the bank and savings and loan crisis  |b how anyone can find bargains at A,erica's greatest garage sale  |c Stephen Pizzo and Paul Muolo 
264 1 |a New York  |b Harper Business  |c 1993 
300 |a 309 s. 
610 2 0 |a fondy investičné 
610 2 0 |a majetok hmotný 
610 2 0 |a majetok investičný 
610 2 0 |a spoločnosti investičné 
610 2 0 |a služby finančné 
610 2 0 |a informácie 
610 2 0 |a USA 
610 2 0 |a banky investičné 
610 2 0 |a kríza banková 
610 2 0 |a úspory 
610 2 0 |a úver 
100 1 |a Pizzo, Stephen 
700 1 |a Muolo, Paul